00402nam a2200145Ia 4500008004100000020001500041041000800056082001800064100002400082245007400106250000600180260003400186300001400220650002200234210716s1994 xx 000 0 und d a0205153704 aeng a658.8342 SOLM aSolomon, Michael R. aConsumer behavior: buying having and being.bBuying having and being. a2 aBostonbAllyn and Baconc1994 axxvii,660 aConsumer Behavior